Vývoj a ovládanie nylónového electro-termo-mechanického aktuátora

Guardado en:
Detalles Bibliográficos
Autor principal: Melek, Peter (Autor)
Otros Autores: Murín, Justín (Orientador)
Formato: Manuscrito Libro
Lenguaje:eslovaco
Publicado: 2019
Materias:
Acceso en línea:http://is.stuba.sk/zp/portal_zp.pl?podrobnosti=144504
Etiquetas: Agregar Etiqueta
Sin Etiquetas, Sea el primero en etiquetar este registro!

MARC

LEADER 00000ntm a22000003a 4500
001 stuzp71031
003 SK-STU
005 20190722130359.1
007 ta
008 150427s2015----xo-----f-mn---000-0-slo-d
040 |a STU  |b slo 
041 0 |a slo 
044 |a xo 
100 1 |a Melek, Peter  |u 030400  |k Z4  |4 aut  |U FEI Fakulta elektrotechniky a informatiky  |T FEI Ústav automobilovej mechatroniky  |X 74993  |U E400  |Y 642  |7 74993 
242 0 1 |a Development and control of a nylon electro-thermomechanical actuator  |y eng 
245 1 0 |a Vývoj a ovládanie nylónového electro-termo-mechanického aktuátora 
260 |c 2019 
300 |a 58 s.,  |b CD-ROM 
650 4 |a aktuátor  |2 slo 
650 4 |a rybársky vlasec  |2 slo 
650 4 |a umelý sval  |2 slo 
650 4 |a ovládanie  |2 slo 
650 4 |a actuator  |2 eng 
650 4 |a artificial muscle  |2 eng 
650 4 |a fishing line  |2 eng 
650 4 |a control  |2 eng 
700 1 |a Murín, Justín  |u 030400  |k Z1  |4 ths  |U FEI Fakulta elektrotechniky a informatiky  |T FEI Ústav automobilovej mechatroniky  |X 1830  |U E400  |Y 642  |7 A000001830 
856 4 |u http://is.stuba.sk/zp/portal_zp.pl?podrobnosti=144504 
996 |b 284EP12292  |c E*DIPL- 12292  |l EE30  |s P  |a 0  |w stuzp71031_0001